Normal view
MARC view
- MULTIMEDIA SYSTEMS, IMAGE COMPRESSION, VIDEO COMPERSSION
Entry Topical Term
001 - CONTROL NUMBER
- control field: 60877
003 - CONTROL NUMBER IDENTIFIER
- control field: NUST
005 - DATE AND TIME OF LATEST TRANSACTION
- control field: 20210628202637.0
008 - FIXED-LENGTH DATA ELEMENTS
- fixed length control field: 210628|| aca||aabn | a|a d
040 ## - CATALOGING SOURCE
- Original cataloging agency: NUST
- Transcribing agency: NUST
150 ## - HEADING--TOPICAL TERM
- Topical term or geographic name entry element: MULTIMEDIA SYSTEMS, IMAGE COMPRESSION, VIDEO COMPERSSION
670 ## - SOURCE DATA FOUND
- Source citation: Work cat.: (NUST): Shi, Yun . Q ,Sun, Huifang 60876, Image and video compression for multimedia engineering ,fundamentals, algorithms, and standards, 2000
